000 02346nam a2200277 4500
001 ESSALUD
005 20260701103826.0
007 ta
008 t pe ||||| |||| 00| 0 spa d
040 _aBMG
041 _aspa
100 _aLazo Guerrero, Darío
_eAutor
_952945
245 _aLa realidad actual del proceso de desalojo con cláusula de allanamiento a futuro
_b¿Los jueces resuelven de manera "exprés"?
246 _aThe current reality of the eviction process with a future search el a use
_bDo judges resolve "expressly"?
300 _apáginas 82-92
520 _aEl autor analiza el trámite actual que se le viene dando al proceso judicial de desalojo con cláusula de allanamiento a futuro, explicando los recursos legales y argucias que las partes utilizan con la única finalidad de convertir esta alternativa procesal en una vía que prolongue indebidamente sus resultados. Así también, precisa los aspectos que deberían modificarse en el artículo 594 del Código Procesal Civil para mejorar esta vía procedimental y, de esta forma, lograr que este proceso sea en la realidad un "desalojo exprés". Finalmente, expone las razones por las cuales se debería viabilizar las medidas cautelares de desalojo anticipado para este tipo de casos.
520 _aThe authar analyzes the current procedure that is being given ta the judicial evictian process with a future search c/ause, explaining the legal resources and tricks that the porties use with the sale purpase af converting this pracedural alternative into a path that unduly pralongs its results. Likewise, it specifies the aspects that should be modified in article 594 of the Civil Procedure Code to imprave this procedural raute and, in this way, ensure that this pracess is in reality an "express eviction." Final/y, it expfains the reasons why precoutionary measures for earfy eviction shauld be made viable far this type of cose.
650 _aDESALOJO
_952946
650 _aCLÁUSULA DE ALLANAMIENTO A FUTURE
_953038
650 _aOCUPANTE PRECARIO
_952948
650 _aEVICTION
_952949
650 _aFUTURE TRESPASS CLAUSE
_952950
650 _aPRECORIOUS ACCUPANT
_952951
773 0 _022573
_922620
_dLima Grupo Praxis Formación Profesional, 2026-
_oPRA001
_tPraxis Civil & Procesal Civil
_wESSALUD
_x3119-7671
942 _cARTICULOS
_e2026-06-30
_zsqb
999 _c22578
_d22578